000 00637nam a2200205Ia 4500
003 GCL
008 140319s9999 xx 000 0 ara d
040 _aGCL /
_cGCL
082 0 4 _a513.93
_bم ر
100 1 _aمختار محمود الهاشمى
245 1 0 _aالرياضة المالية والتجارة بين النظرية والتطبيق /
_cمختار محمود الهاشمى
300 _a444 ص
490 _a
650 0 4 _aالرياضيات
650 0 4 _aالقروض
650 0 4 _aالرياضة التجارية والمالية
650 0 4 _aالفائدة
650 0 4 _aالاستهلاك
942 _2ddc
_cBK
999 _c45923
_d45923